Modernizing peasant societies : (Record no. 7876)
[ view plain ]
| 000 -LEADER | |
|---|---|
| fixed length control field | 01079nam a2200325 a 4500 |
| 001 - CONTROL NUMBER | |
| JCCL Control Number | 7876 |
| 003 - CONTROL NUMBER IDENTIFIER | |
| JCCL marc code | BD-JhCC |
| 005 - DATE AND TIME OF LATEST TRANSACTION | |
| control field | 20180224124727.0 |
| 008 - FIXED-LENGTH DATA ELEMENTS--GENERAL INFORMATION | |
| fixed length control field | 180215s1969 enk b 001 0 eng d |
| 035 ## - SYSTEM CONTROL NUMBER | |
| system control number | (BD-JhCC)7876 |
| 035 ## - SYSTEM CONTROL NUMBER | |
| system control number | (OCoLC)00058703 |
| 035 ## - SYSTEM CONTROL NUMBER | |
| system control number | GLIS00491875 |
| 035 ## - SYSTEM CONTROL NUMBER | |
| system control number | (OCoLC)00789488 |
| 040 ## - CATALOGING SOURCE | |
| Original cataloging agency | BD-JhCC |
| Transcribing agency | DLC |
| Modifying agency | BD-JhCC |
| -- | RCD |
| 041 ## - LANGUAGE CODE | |
| Language code of Book | eng |
| 050 0# - LIBRARY OF CONGRESS CALL NUMBER | |
| Classification number | HN980 |
| Item number | .H83 |
| 082 ## - DEWEY DECIMAL CLASSIFICATION NUMBER | |
| Classification number | 309.11724 |
| Author mark and Year | GUY 1969 |
| 090 ## - LOCALLY ASSIGNED LC-TYPE CALL NUMBER (OCLC); LOCAL CALL NUMBER (OCLC) | |
| Classification number (OCLC) (R) ; Classification number, CALL (RLIN) (NR) | HN980 |
| Local cutter number (OCLC) ; Book number/undivided call number, CALL (RLIN) | .H945 |
| 099 ## - LOCAL FREE-TEXT CALL NUMBER | |
| Classification number | HN980.H945 |
| 100 1# - MAIN ENTRY--PERSONAL NAME | |
| Personal name | Hunter, Guy. |
| 245 10 - TITLE STATEMENT | |
| Title | Modernizing peasant societies : |
| Remainder of title | a comparative study in Asia and Africa / |
| Statement of responsibility, etc | Guy Hunter, |
| 260 ## - PUBLICATION, DISTRIBUTION, ETC. (IMPRINT) | |
| Place of publication, distribution, etc | London : |
| -- | New York, |
| Name of publisher, distributor, etc | Published for the Institute of Race Relations [by] Oxford University Press, |
| Date of publication, distribution, etc | 1969. |
| 300 ## - PHYSICAL DESCRIPTION | |
| Pagination | x, 324 p. |
| Dimensions | 22 cm. |
| 504 ## - BIBLIOGRAPHY, ETC. NOTE | |
| Bibliography, etc | Includes bibliographical references. |
| 650 #0 - SUBJECT ADDED ENTRY--TOPICAL TERM | |
| Topical term or geographic name as entry element | Agriculture |
| General subdivision | Social aspects |
| Geographic subdivision | Developing countries. |
| 651 #0 - SUBJECT ADDED ENTRY--GEOGRAPHIC NAME | |
| Geographic name | Developing countries |
| General subdivision | Social conditions. |
| 710 2# - ADDED ENTRY--CORPORATE NAME | |
| Corporate name or jurisdiction name as entry element | Institute of Race Relations. |
| 942 ## - ADDED ENTRY ELEMENTS (KOHA) | |
| Source of classification or shelving scheme | Dewey Decimal Classification |
| Koha item type | Books |
| 949 ## - LOCAL PROCESSING INFORMATION (OCLC) | |
| a | MYGD |
| -- | MYGR |
| -- | MYGD |
| -- | MYGH |
| Source of classification or shelving scheme | Damaged status | Not for loan | Home library | Current library | Shelving location | Date of accession | Total Checkouts | Full call number | Barcode | Date last seen | Copy number | Koha item type |
|---|---|---|---|---|---|---|---|---|---|---|---|---|
| Dewey Decimal Classification | JCC Rouf Library | JCC Rouf Library | General Stacks | 02/15/2018 | 309.11724 GUY 1969 | 10502 | 02/15/2018 | C-1 | Books |